书目信息 |
| 题名: |
简明法学大词典
|
|
| 作者: | 张光博 主编 | |
| 分册: | ||
| 出版信息: | 长春 吉林人民出版社 1991.8 |
|
| 页数: | 1766页 | |
| 开本: | 20cm | |
| 丛书名: | ||
| 单 册: | ||
| 中图分类: | D9-61 | |
| 科图分类: | ||
| 主题词: | 法学--词典 | |
| 电子资源: | ||
| ISBN: | 7-206-01211-6 | |
| 000 | 00622nam0 2200217 45 | |
| 001 | 0192009028 | |
| 005 | 20061024162335.68 | |
| 010 | @a7-206-01211-6@b精装@dCNY38.00 | |
| 100 | @a19920330d1991 em y0chiy0121 ea | |
| 101 | 0 | @achi |
| 102 | @aCN@b220000 | |
| 105 | @ay ez 000yy | |
| 200 | 10 | @a简明法学大词典@AJIAN MING FA XUE DA CI DIAN@f张光博主编@FZHANG GUANG BO ZHU BIAN |
| 210 | @a长春@c吉林人民出版社@d1991.8 | |
| 215 | @a1766页@d20cm | |
| 517 | 1 | @a法学大词典 |
| 606 | @a法学@x词典 | |
| 690 | @aD9-61@v三版 | |
| 701 | 0 | @a张光博@AZHANG GUANG BO@4主编 |
| 801 | 0 | @aCN@bTSSF@c20061024 |
| 905 | @a10447@dD9-61@e156 | |
| 简明法学大词典/张光博主编.-长春:吉林人民出版社,1991.8 |
| 1766页;20cm |
| ISBN 7-206-01211-6(精装):CNY38.00 |
| ● |
| 相关链接 |
|
|
|
|
正题名:简明法学大词典
索取号:D9-61/156
 
预约/预借
| 序号 | 登录号 | 条形码 | 馆藏地/架位号 | 状态 | 备注 |
| 1 | 0249288 | 002054868 | 第一样本阅览室/ [索取号:D9-61/156] | 在馆 |